00270pam a2200109 a 4500020000500000041000500005082001300010100002500023245005600048260003900104300001700143 c h a680bBLA aRosalird Blakesley. aThe Arts and Crafts Movemment hTextual Documents aAmericabPhaidon press Inc.c2006 a272:bpaper.